书目信息 |
| 题名: |
神奇的蜜蜂授粉
|
|
| 作者: | ;农业农村部种植业管理司 , 全国农业技术推广服务中心 , 中国农业出版社 编绘 | |
| 分册: | ||
| 出版信息: | 北京 中国农业出版社 2018.05 |
|
| 页数: | 46页 | |
| 开本: | 19cm | |
| 丛书名: | 蜜蜂授粉科普系列丛书 | |
| 单 册: | ||
| 中图分类: | Q944.43-49 | |
| 科图分类: | ||
| 主题词: | 蜜蜂授粉--mi feng shou fen--普及读物 | |
| 电子资源: | ||
| ISBN: | 978-7-109-24094-0 | |
| 000 | 01162nam 2200277 450 | |
| 001 | 0109110253 | |
| 005 | 20201109110341.0 | |
| 010 | @a978-7-109-24094-0@dCNY20.00 | |
| 100 | @a20180714e20202018em y0chiy50 ea | |
| 101 | 0 | @achi |
| 102 | @aCN@b110000 | |
| 105 | @aa z 000yy | |
| 106 | @ar | |
| 200 | 1 | @a神奇的蜜蜂授粉@Ashen qi de mi feng shou fen@f农业农村部种植业管理司, 全国农业技术推广服务中心, 中国农业出版社编绘 |
| 210 | @a北京@c中国农业出版社@d2018.05@h220.05 | |
| 215 | @a46页@c彩图@d19cm | |
| 225 | 2 | @a蜜蜂授粉科普系列丛书@Ami feng shou fen ke pu xi lie cong shu |
| 330 | @a本书主要内容为蜜蜂的生物学知识,蜜蜂授粉的意义,蜜蜂授粉的好处以及授粉蜂的种类和热点,世界蜂授粉的情况简介等等内容。 | |
| 461 | 0 | @12001 @a蜜蜂授粉科普系列丛书 |
| 606 | 0 | @a蜜蜂授粉@Ami feng shou fen@j普及读物 |
| 690 | @aQ944.43-49@v5 | |
| 711 | 02 | @a农业农村部种植业管理司@Anong ye nong cun bu zhong zhi ye guan li si@4编绘 |
| 711 | 02 | @a全国农业技术推广服务中心@Aquan guo nong ye ji shu tui guang fu wu zhong xin@4编绘 |
| 711 | 02 | @a中国农业出版社@Azhong guo nong ye chu ban she@4编绘 |
| 801 | 0 | @aCN@bBJSZM@c20201103 |
| 905 | @b1242323-6@dQ944.43-49@e475@f4 | |
| 神奇的蜜蜂授粉/农业农村部种植业管理司, 全国农业技术推广服务中心, 中国农业出版社编绘.-北京:中国农业出版社,2018.05(220.05) |
| 46页:彩图;19cm.-(蜜蜂授粉科普系列丛书) |
| ISBN 978-7-109-24094-0:CNY20.00 |
| 本书主要内容为蜜蜂的生物学知识,蜜蜂授粉的意义,蜜蜂授粉的好处以及授粉蜂的种类和热点,世界蜂授粉的情况简介等等内容。 |
| ● |
| 相关链接 |
|
|
|
|
正题名:神奇的蜜蜂授粉
索取号:Q944.43-49/475
 
预约/预借
| 序号 | 登录号 | 条形码 | 馆藏地/架位号 | 状态 | 备注 |
| 1 | 1242323 | 212423233 | 第二样本阅览室/ [索取号:Q944.43-49/475] | 在馆 | |
| 2 | 1242324 | 212423242 | 第三借阅区/ [索取号:Q944.43-49/475] | 在馆 | |
| 3 | 1242325 | 212423251 | 教育系资料室/ [索取号:Q944.43-49/475] | 在馆 | |
| 4 | 1242326 | 212423260 | 教育系资料室/ [索取号:Q944.43-49/475] | 在馆 |